| Tag |
First Indicator |
Second Indicator |
Subfields |
| LEADER |
00000cam a2200000 a 4500 |
| 001 |
in00005752000 |
| 005 |
20260326194330.2 |
| 006 |
m o d |
| 007 |
cr cnu---unuuu |
| 008 |
130415s1976 nyua ob 101 0 eng d |
| 010 |
|
|
|z 75045096
|
| 040 |
|
|
|a N$T
|b eng
|e pn
|c N$T
|d UIU
|d OCLCF
|d UKDOC
|d OCLCO
|d OCLCE
|d YDXCP
|d OCL
|d OCLCO
|d OCLCQ
|d EBLCP
|d OCLCO
|d DEBSZ
|d OCLCQ
|d OCLCO
|d MERUC
|d OCLCQ
|d LEAUB
|d INARC
|d OCLCO
|d OCLCQ
|d OCLCO
|d COM
|d OCLCO
|d OCLCQ
|d OCL
|d OCLCO
|d OCLCL
|d COA
|d OCLCQ
|d OCLCL
|
| 019 |
|
|
|a 840645907
|a 903472096
|a 923624007
|a 987722946
|a 1086501463
|a 1149016874
|a 1340077649
|a 1419934107
|
| 020 |
|
|
|a 9780323142212
|q (electronic bk.)
|
| 020 |
|
|
|a 0323142214
|q (electronic bk.)
|
| 020 |
|
|
|z 012452950X
|
| 020 |
|
|
|z 9780124529502
|
| 024 |
8 |
|
|a (WaSeSS)ssj0000785856
|
| 035 |
|
|
|a (OCoLC)839301816
|z (OCoLC)840645907
|z (OCoLC)903472096
|z (OCoLC)923624007
|z (OCoLC)987722946
|z (OCoLC)1086501463
|z (OCoLC)1149016874
|z (OCoLC)1340077649
|z (OCoLC)1419934107
|
| 042 |
|
|
|a dlr
|
| 050 |
|
4 |
|a TP244.A3
|b S9 1975eb
|
| 060 |
|
4 |
|a QV/310
|
| 070 |
1 |
|
|a TP244.A3S9 1975
|
| 072 |
|
7 |
|a SCI
|x 013060
|2 bisacsh
|
| 072 |
|
7 |
|a TEC
|x 009010
|2 bisacsh
|
| 082 |
0 |
4 |
|a 660.2/9/4515
|2 22
|
| 049 |
|
|
|a TXAM
|
| 111 |
2 |
|
|a Symposium on Fine Particles
|d (1975 :
|c Minneapolis, Minn.)
|
| 245 |
1 |
0 |
|a Fine particles :
|b aerosol generation, measurement, sampling, and analysis : [papers] /
|c edited by Benjamin Y.H. Liu.
|
| 260 |
|
|
|a New York :
|b Academic Press,
|c ©1976.
|
| 300 |
|
|
|a 1 online resource (xiii, 837 pages) :
|b illustrations
|
| 336 |
|
|
|a text
|b txt
|2 rdacontent
|
| 337 |
|
|
|a computer
|b c
|2 rdamedia
|
| 338 |
|
|
|a online resource
|b cr
|2 rdacarrier
|
| 347 |
|
|
|a text file
|2 rdaft
|0 http://rdaregistry.info/termList/fileType/1002.
|
| 490 |
1 |
|
|a Academic Press rapid manuscript reproduction
|
| 504 |
|
|
|a Includes bibliographical references and index.
|
| 588 |
0 |
|
|a Print version record.
|
| 538 |
|
|
|a Master and use copy. Digital master created according to Benchmark for Faithful Digital Reproductions of Monographs and Serials, Version 1. Digital Library Federation, December 2002.
|u http://purl.oclc.org/DLF/benchrepro0212
|5 MiAaHDL
|
| 583 |
1 |
|
|a digitized
|c 2011
|h HathiTrust Digital Library
|l committed to preserve
|2 pda
|5 MiAaHDL
|
| 505 |
0 |
|
|a Front Cover -- Fine Particles: Aerosol Generation, Measurement, Sampling, and Analysis -- Copyright Page -- Table of Contents -- PREFACE -- FIGURE AND TABLE CREDITS -- PART I: GENERAL -- CHAPTER 1. EUROPEAN AEROSOL STUDIES -- ABSTRACT -- CURRENT WORK -- REFERENCES -- CHAPTER 2. RESEARCH AND DEVELOPMENT IN JAPAN ON FINE PARTICLE MEASUREMENT AND NEW CONTROL DEVICES -- ABSTRACT -- INTRODUCTION -- FUNDAMENTAL RESEARCH -- INDUSTRIAL DEVELOPMENT -- REFERENCES -- CHAPTER 3. STANDARDIZATION AND CALIBRATION OF AEROSOL INSTRUMENTS -- ABSTRACT -- INTRODUCTION
|
| 505 |
8 |
|
|a Generation of monodisperse aerosol standardsinstrument calibration and standardization -- conclusion -- references -- part ii: aerosol generation -- chapter 4. the generation of aerosols of fine particles -- abstract -- nomenclature -- introduction -- polydisperse aerosols -- nebulizers -- aerosol generation with nebulizers -- spray cans -- dry particle aerosolization -- photochemical and radiolytic aerosols -- miscellaneous -- monodisperse aerosols -- general -- nebulization of monodisperse suspensions -- controlled condensation
|
| 505 |
8 |
|
|a GENERATION OF UNIFORM DROPLETSACKNOWLEDGEMENT -- REFERENCES -- CHAPTER 5. GENERATION OF MONODISPERSE SUBMICRON AEROSOLS BY ABLATION FROM TRANSPIRATION-COOLED POROUS MATRICES -- ABSTRACT -- INTRODUCTION -- EXPERIMENTAL APPARATUS -- EXPERIMENTAL RESULTS AND CONCLUSIONS -- BIBLIOGRAPHIC REFERENCES -- CHAPTER 6. GENERATION OF MONODISPERSE AEROSOLS OF 67Ga-LABELED ALUMINOSILICATE AND 198Au-LABELED GOLD SPHERES -- ABSTRACT -- INTRODUCTION -- METHODS -- GENERATION OF 67Ga-LABELED CLAY AEROSOL -- PRODUCTION OF GOLD AEROSOL -- RESULTS AND DISCUSSION
|
| 505 |
8 |
|
|a Gallium-67 aluminosilicateinhalation exposures -- results and discussion -- charge distribution -- summary -- acknowledgements -- references -- chapter 7. aerosol generation for industrial research and product testing -- abstract -- introduction -- aerosol needs: research versus product evaluation -- industrial generators -- engine air cleaning market -- industrial effluent market -- space cleaning market -- hepa market and monodispersed aerosol generators -- potential new market -- conclusion -- references
|
| 505 |
8 |
|
|a CHAPTER 8. AEROSOL GENERATION USING FLUIDIZED BEDSAbstract -- I. SOME PROPERTIES OF THE GAS FLUIDIZED BED -- II. SYSTEMS USING LIQUID-LIKE PROPERTIES OF FLUIDIZED BEDS -- III. SYSTEMS WHERE THE FLUIDIZED BED IS THE DEVICE WHICH DISPERSES THE FINE POWDER -- CONCLUSION -- REFERENCES -- CHAPTER 9. LARGE FLOW RATE REDISPERSION AEROSOL GENERATOR -- ABSTRACT -- APPROACHES CONSIDERED -- EXPERIMENTS -- SAMPLING RESULTS -- OVERALL SYSTEM DESIGN -- CONCLUSIONS -- REFERENCES -- CHAPTER 10. GENERATION OF INORGANIC AEROSOLS FOR WEATHER MODIFICATION EXPERIMENTATION
|
| 650 |
|
0 |
|a Aerosols
|v Congresses.
|
| 650 |
|
0 |
|a Particulate matter
|x Congresses.
|
| 650 |
|
0 |
|a Air
|x Pollution
|x Measurement
|x Congresses.
|
| 650 |
|
0 |
|a Aerosols
|x Congresses.
|
| 650 |
|
6 |
|a Matière particulaire
|x Congrès.
|
| 650 |
|
6 |
|a Air
|x Pollution
|x Mesure
|x Congrès.
|
| 650 |
|
6 |
|a Aérosols
|x Congrès.
|
| 650 |
|
6 |
|a Aérosols
|v Congrès.
|
| 650 |
|
7 |
|a SCIENCE
|x Chemistry
|x Industrial & Technical.
|2 bisacsh
|
| 650 |
|
7 |
|a TECHNOLOGY & ENGINEERING
|x Chemical & Biochemical.
|2 bisacsh
|
| 650 |
|
7 |
|a Particulate matter
|2 fast
|
| 650 |
|
7 |
|a Air
|x Pollution
|x Measurement
|2 fast
|
| 650 |
|
7 |
|a Aerosols
|2 fast
|
| 653 |
0 |
0 |
|a aerosols
|
| 653 |
0 |
0 |
|a colloids
|
| 653 |
0 |
0 |
|a dispersie
|
| 653 |
0 |
0 |
|a dispersion
|
| 653 |
0 |
0 |
|a atmosfeer
|
| 653 |
0 |
0 |
|a atmosphere
|
| 653 |
0 |
0 |
|a samenstelling
|
| 653 |
0 |
0 |
|a composition
|
| 653 |
0 |
0 |
|a stof
|
| 653 |
0 |
0 |
|a dust
|
| 653 |
0 |
0 |
|a luchtverontreiniging
|
| 653 |
0 |
0 |
|a air pollution
|
| 653 |
0 |
0 |
|a luchtkwaliteit
|
| 653 |
0 |
0 |
|a air quality
|
| 653 |
1 |
0 |
|a Colloid and Surface Chemistry
|
| 655 |
|
7 |
|a Electronic books.
|2 local
|
| 655 |
|
2 |
|a Congress
|
| 655 |
|
7 |
|a proceedings (reports)
|2 aat
|
| 655 |
|
7 |
|a Conference papers and proceedings
|2 fast
|
| 655 |
|
7 |
|a Conference papers and proceedings.
|2 lcgft
|
| 655 |
|
7 |
|a Actes de congrès.
|2 rvmgf
|
| 700 |
1 |
|
|a Liu, Benjamin Y. H.,
|d 1934-
|
| 710 |
2 |
|
|a ScienceDirect (Online service)
|
| 776 |
0 |
8 |
|i Print version:
|a Symposium on Fine Particles (1975 : Minneapolis, Minn.).
|t Fine particles.
|d New York : Academic Press, ©1976
|z 012452950X
|w (DLC) 75045096
|w (OCoLC)1976896
|
| 830 |
|
0 |
|a Academic Press rapid manuscript reproductions.
|
| 856 |
4 |
0 |
|u http://proxy.library.tamu.edu/login?url=https://www.sciencedirect.com/science/book/9780124529502
|z Connect to the full text of this electronic book
|t 0
|
| 955 |
|
|
|a Elsevier ScienceDirect 2026-2027
|
| 994 |
|
|
|a 92
|b TXA
|
| 999 |
f |
f |
|i 8b2a3de2-326e-4ab2-a6da-40851df7947c
|s 6dd17ed6-8873-417e-88f3-2040f870f550
|t 0
|
| 952 |
f |
f |
|a Texas A&M University
|b College Station
|c Electronic Resources
|s www_evans
|d Available Online
|t 0
|e TP244.A3 S9 1975eb
|h Library of Congress classification
|
| 998 |
f |
f |
|a TP244.A3 S9 1975eb
|t 0
|l Available Online
|